| 000 | 00646nam a2200181 a 4500 | ||
|---|---|---|---|
| 003 | 0 | ||
| 005 | 20250208113706.0 | ||
| 008 | 130123s19uu xx 00 eng d | ||
| 050 |
_aPHS LB 1028.3 _b.L477 2012 |
||
| 100 | _aLee, Tae Hun. | ||
| 245 |
_aUse of E-technology in the classroom and motivation to learn / _cLee Tae Hun. |
||
| 260 |
_aLas PiƱas City, Philippines : _bSouthville International School and Colleges, _c2012. |
||
| 300 |
_a31 pages : _billustrations ; _c28 cm. |
||
| 504 | _aIncludes bibliographical references. | ||
| 650 |
_aComputer assisted instruction _xInfluence |
||
| 650 | _aMotivation in education | ||
| 942 |
_2lcc _cPASS |
||
| 999 |
_c98838 _d98838 |
||